|
|
|
|
| LEADER |
00000nam0a2200000 4500 |
| 001 |
122794 |
| 005 |
20240903094854.0 |
| 020 |
|
|
|a RU
|b 86-85011
|
| 035 |
|
|
|a (RuTPU)RU\TPU\book\132938
|
| 090 |
|
|
|a 122794
|
| 100 |
|
|
|a 20071009d1986 km a0rusy5003 ca
|
| 101 |
0 |
|
|a rus
|
| 102 |
|
|
|a RU
|
| 105 |
|
|
|a a z 001zd
|
| 200 |
1 |
|
|a Русский пейзаж XVIII - начала XX века
|f А. А. Федоров-Давыдов
|
| 210 |
|
|
|a Москва
|c Сов. художник
|d 1986
|
| 215 |
|
|
|a 300 с.
|c ил.
|
| 225 |
1 |
|
|a Библиотека искусствознания
|
| 320 |
|
|
|a Список основных трудов: с. 286-292.
|
| 320 |
|
|
|a Список иллюстраций: с. 293-296.
|
| 320 |
|
|
|a Указатель имен: с. 297-301.
|
| 600 |
|
1 |
|a Федоров-Давыдов
|b А. А.
|c детский писатель
|c редактор и издатель
|f 1875-1936
|g Александр Александрович
|2 stltpush
|3 (RuTPU)RU\TPU\pers\19995
|9 7910
|
| 600 |
|
1 |
|a Щедрин
|b С. Ф.
|c российский живописец
|c брат Ф. Ф. Щедрина
|f 1745-1804
|g Семен Федорович
|2 stltpush
|3 (RuTPU)RU\TPU\pers\20291
|9 8083
|
| 600 |
|
1 |
|a Алексеев
|b Ф. Я.
|c российский живописец
|f между 1753 и 1755-1824
|g Федор Яковлевич
|2 stltpush
|3 (RuTPU)RU\TPU\pers\20293
|9 8085
|
| 600 |
|
1 |
|a Щедрин
|b С. Ф.
|c российский живописец
|f 1791-1830
|g Сильвестр Феодосиевич
|2 stltpush
|3 (RuTPU)RU\TPU\pers\11968
|9 3076
|
| 600 |
|
1 |
|a Поленов
|b В. Д.
|c российский живописец
|c передвижник
|f 1844-1927
|g Василий Дмитриевич
|7 ca
|8 rus
|2 stltpush
|3 (RuTPU)RU\TPU\pers\13321
|9 3976
|
| 600 |
|
1 |
|a Левитан
|b И. И.
|c российский живописец
|f 1860-1900
|g Исаак Ильич
|2 stltpush
|3 (RuTPU)RU\TPU\pers\11976
|9 3084
|
| 610 |
0 |
|
|a пейзаж
|
| 610 |
0 |
|
|a пейзажная живопись
|
| 610 |
0 |
|
|a русское искусство
|
| 610 |
0 |
|
|a русская графика
|
| 610 |
0 |
|
|a 18 век
|
| 610 |
0 |
|
|a 19 век
|
| 610 |
0 |
|
|a 20 век
|
| 610 |
0 |
|
|a история
|
| 610 |
0 |
|
|a исследования
|
| 610 |
0 |
|
|a очерки
|
| 610 |
0 |
|
|a художники
|
| 610 |
0 |
|
|a проблемы
|
| 675 |
|
|
|a 75.047
|v 3
|
| 700 |
|
1 |
|a Федоров-Давыдов
|b А. А.
|c детский писатель
|c редактор и издатель
|f 1875-1936
|g Александр Александрович
|2 stltpush
|3 (RuTPU)RU\TPU\pers\19995
|9 7910
|
| 801 |
|
0 |
|a RU
|b RuMRKP
|c 19950704
|g psbo
|
| 801 |
|
1 |
|a RU
|b 63413507
|c 20071009
|g PSBO
|
| 801 |
|
2 |
|a RU
|b 63413507
|c 20080924
|g PSBO
|
| 942 |
|
|
|c BK
|